[Event "AUT-chT (Women) 1819"]
[Site "Austria"]
[Date "2018.11.18"]
[Round "2.3"]
[White "Cvitan, Ena"]
[Black "Ganzera, Andrea"]
[Result "1-0"]
[WhiteElo "2175"]
[BlackElo "1996"]
[PlyCount "51"]
[EventDate "2018.11.17"]
[EventType "team-swiss"]
[EventRounds "7"]
[EventCountry "AUT"]
[SourceTitle "CBM 187 Extra"]
[Source "ChessBase"]
[SourceDate "2018.11.04"]
[SourceVersion "1"]
[SourceVersionDate "2018.11.04"]
[SourceQuality "1"]
[WhiteTeam "Wulkaprodersdorf (W)"]
[BlackTeam "Schach ohne Grenzen (W)"]
[WhiteTeamCountry "AUT"]
[BlackTeamCountry "AUT"]

1. d4 Nf6 2. c4 g6 3. Nc3 Bg7 4. e4 d6 5. h3 0-0 6. Be3 e5 7. d5 Nbd7 8. Bd3 Nh5 9. Nge2 Nc5 10. g4 Nxd3+ 11. Qxd3 Nf4 12. Nxf4 exf4 13. Bd4 f6 14. 0-0-0 c5 15. dxc6 bxc6 16. Bc5 Qa5 17. Qxd6 f5 18. gxf5 Bxf5 19. Bb4 Qb6 20. exf5 Rab8 21. a3 a5 22. Na4 Qxf2 23. Qe6+ Kh8 24. Rd2 Qf3 25. Bxf8 Qxh1+ 26. Rd1 1-0